One Piece - Groups of Things - Statistics

General Stats
  • This quiz has been taken 389 times
  • The average score is 48 of 68
Answer Stats
Group Answer % Correct
Straw Hat Pirates Monkey D. Luffy
98%
Worst Generation Members Monkey D. Luffy
98%
Straw Hat Pirates Nami
98%
Straw Hat Pirates Roronoa Zoro
98%
Worst Generation Members Roronoa Zoro
98%
Straw Hat Pirates Sanji
98%
Straw Hat Pirates Jinbe
97%
Original Seven Warlords Jinbe
97%
Straw Hat Pirates Nico Robin
97%
Straw Hat Pirates Brook
96%
Straw Hat Pirates Franky
96%
Straw Hat Pirates Tony Tony Chopper
96%
Original Four Emperors Kaidou
95%
Original Four Emperors Shanks
95%
Worst Generation Members Trafalgar D. Water Law
95%
Straw Hat Pirates Usopp
95%
Original Four Emperors Charlotte Linlin
94%
Original Seven Warlords Donquixote Doflamingo
93%
Original Seven Warlords Dracule Mihawk
93%
Worst Generation Members Eustass Kidd
93%
Original Seven Warlords Boa Hancock
92%
Original Four Emperors Edward Newgate
92%
Original Seven Warlords Crocodile
88%
Original Seven Warlords Gecko Moria
88%
Forms of Haki Color of Observation Haki
87%
Original Seven Warlords Bartholomew Kuma
86%
Worst Generation Members Jewelry Bonney
84%
Worst Generation Members Basil Hawkins
83%
Forms of Haki Color of the Supreme King Haki
82%
Worst Generation Members X Drake
80%
Forms of Haki Color of Armament Haki
79%
Worst Generation Members Killer
79%
Worst Generation Members Capone Bege
78%
Worst Generation Members Scratchmen Apoo
78%
Ancient Weapons Pluton
77%
Worst Generation Members Urouge
77%
Worst Generation Members Marshall D. Teach
74%
Straw Hat Grand Fleet Captains Bartolomeo
71%
Ancient Weapons Poseidon
67%
Straw Hat Grand Fleet Captains Cavendish
64%
Nine Red Scabbards Kin'emon
61%
Straw Hat Grand Fleet Captains Leo
61%
Ancient Weapons Uranus
59%
Satellites of Vegapunk Lilith
56%
Nine Red Scabbards Kurozumi Kanjuro
55%
Straw Hat Grand Fleet Captains Sai
54%
Straw Hat Grand Fleet Captains Hajrudin
53%
Nine Red Scabbards Inuarashi
53%
Nine Red Scabbards Nekomamushi
52%
Nine Red Scabbards Denjiro
50%
Nine Red Scabbards Raizo
50%
Satellites of Vegapunk Shaka
50%
Nine Red Scabbards Ashura Doji
48%
Satellites of Vegapunk Edison
47%
Straw Hat Grand Fleet Captains Ideo
47%
Nine Red Scabbards Kikunojo
47%
Straw Hat Grand Fleet Captains Orlumbus
47%
Satellites of Vegapunk York
47%
Nine Red Scabbards Kawamatsu
46%
Satellites of Vegapunk Pythagoras
46%
Satellites of Vegapunk Atlas
45%
Regions of Wano Country Flower Capital
37%
Regions of Wano Country Onigashima
36%
Regions of Wano Country Kuri
33%
Regions of Wano Country Udon
30%
Regions of Wano Country Ringo
21%
Regions of Wano Country Kibi
16%
Regions of Wano Country Hakumai
13%
No matching quizzes found
Score Distribution
Percent of People with Each Score
Percentile by Number Answered
Your Score History
You have not taken this quiz